000 01095nam a22001937a 4500
008 241210e20241209xxk|||||o|||| 00| 0 eng d
041 _aeng
110 _aRoyal Institution of Chartered Surveyors
245 _aRICS responds to the call for evidence on improving the curriculum and assessment system
260 _aLondon,
_bRoyal Institution of Chartered Surveyors,
_c9 December 2024
490 _aRICS Press Release
520 _aThe Royal Institution of Chartered Surveyors (RICS) is pleased to respond to this consultation by the Department for Education. Recommendation 1: Introducing an English Built Environment GCSE; Recommendation 2: Embedding the Built Environment into the existing curriculum; Recommendation 3: Strengthening T-Levels; Recommendation 4: Enhancing industry engagement
650 _aEDUCATION
651 _aUnited Kingdom
690 _aRICS
_96277
710 _aRoyal Institution of Chartered Surveyors
856 _uhttps://www.rics.org/news-insights/rics-responds-call-evidence-improving-curriculum-assessment-system
_zAvailable free on RICS.org
942 _n0
999 _c122072
_d122072